আধুনিক বিশেষ পদ্ধতি = [Modern Specific Methods]/ (Record no. 49733)
[ view plain ]
| 000 -LEADER | |
|---|---|
| fixed length control field | 00882nam a2200229 a 4500 |
| 001 - CONTROL NUMBER | |
| control field | 49733 |
| 003 - CONTROL NUMBER IDENTIFIER | |
| rucl marc code | BD-RjUL |
| 005 - DATE AND TIME OF LATEST TRANSACTION | |
| control field | 20211209054724.0 |
| 008 - FIXED-LENGTH DATA ELEMENTS--GENERAL INFORMATION | |
| fixed length control field | 160822s1952 xxu||||| |||| 00| 0 ben d |
| 035 ## - SYSTEM CONTROL NUMBER | |
| System control number | (BD-RjUL) 49853 |
| 040 ## - CATALOGING SOURCE | |
| Original cataloging agency | BD-RjUL |
| Language of cataloging | ben |
| Transcribing agency | BD-RjUL |
| 041 ## - LANGUAGE CODE | |
| Language code of text/sound track or separate title | ben |
| 082 ## - DEWEY DECIMAL CLASSIFICATION NUMBER | |
| Edition number | 23 |
| Classification number | 370.7 |
| Author mark and year | SEA 1952 |
| 100 1# - MAIN ENTRY--PERSONAL NAME | |
| Personal name | সেনগুপ্ত, রমনীরঞ্জন |
| 9 (RLIN) | 147491 |
| 245 10 - TITLE STATEMENT | |
| Title | আধুনিক বিশেষ পদ্ধতি = [Modern Specific Methods]/ |
| Statement of responsibility, etc. | রমনীরঞ্জন সেনগুপ্ত |
| 260 ## - PUBLICATION, DISTRIBUTION, ETC. (IMPRINT) | |
| Place of publication, distribution, etc. | ঢাকা : |
| Name of publisher, distributor, etc. | প্রেসিডেন্সী লাইব্রেরী, |
| Date of publication, distribution, etc. | ১৯৫২ |
| 300 ## - PHYSICAL DESCRIPTION | |
| Pagination | ১৯৫ পৃ. ; |
| Size | ১৯ সেমি. |
| 504 ## - BIBLIOGRAPHY, ETC. NOTE | |
| Bibliography, etc | বিবলিওগ্রাফি সংযুক্ত |
| 650 ## - SUBJECT ADDED ENTRY--TOPICAL TERM | |
| Topical term or geographic name as entry element | শিক্ষা |
| 9 (RLIN) | 149100 |
| Topical term or geographic name as entry element | Education |
| 9 (RLIN) | 149101 |
| 942 ## - ADDED ENTRY ELEMENTS (KOHA) | |
| Source of classification or shelving scheme | Dewey Decimal Classification |
| Koha item type | Books |
| Lost status | Source of classification or shelving scheme | Damaged status | Not for loan | Collection code | Permanent Location | Current Location | Shelving location | Date acquired | Source of acquisition | Cost, normal purchase price | Total Checkouts | Full call number | Date last seen | Copy number | Koha item type |
|---|---|---|---|---|---|---|---|---|---|---|---|---|---|---|---|
| Dewey Decimal Classification | Non-fiction | Central Library, University of Rajshahi | Central Library, University of Rajshahi | 18/07/1968 | Nawrage, Dhaka | 3.00 | B 370.7 SEA 1952 | 22/08/2016 | C-2 | Books | |||||
| Dewey Decimal Classification | Not For Loan | Non-fiction | Central Library, University of Rajshahi | Central Library, University of Rajshahi | Reading Room | 18/07/1958 | Oriental library | 3.50 | B 370.7 SEA 1952 | 27/12/2016 | C-1 | Books |